[Event "Gourmets of the King's Gambit "]
[Site "SchemingMind.com"]
[Date "2008.06.14"]
[Round "-"]
[White "Rotceh"]
[Black "Geoffrey Rosser"]
[Result "0-1"]
[WhiteCountry "MEX"]
[BlackCountry "ENG"]
[WhiteElo "1569"]
[WhiteRD "66"]
[BlackElo "1799"]
[BlackRD "73"]
[GameID "159174"]

1. e4 e5 2. f4 exf4 3. Nf3 h6 4. h4 Nf6 5. Nc3 d5 6. exd5 Nxd5 7. Bb5+ c6 8. Nxd5 Qxd5 9. Qe2+ Be6 10. Qe5 Qxe5+
11. Nxe5 cxb5 12. d4 Nc6 13. Nxc6 bxc6 14. Bxf4 O-O-O 15. c3 Bd6 16. Bxd6 Rxd6 17. O-O Re8
0-1

[Event "Gourmets of the King's Gambit "]
[Site "SchemingMind.com"]
[Date "2008.06.14"]
[Round "-"]
[White "Rotceh"]
[Black "saxondom"]
[Result "1-0"]
[WhiteCountry "MEX"]
[BlackCountry "HUN"]
[WhiteElo "1598"]
[WhiteRD "67"]
[BlackElo "1337"]
[BlackRD "86"]
[GameID "159175"]

1. e4 e5 2. f4 exf4 3. Nf3 g5 4. h4 g4 5. Ne5 Qe7 6. Nxg4 Qxe4+ 7. Qe2 Qxe2+ 8. Bxe2 d5 9. d4 Bf5 10. Bxf4 Bb4+
11. c3 Bd6 12. Bxd6 cxd6 13. O-O Nd7 14. Rxf5 Ne7 15. Nf6+ Nxf6 16. Rxf6 b5 17. Bxb5+ Kd8 18. Rxd6+ Kc8 19. Nd2 Rb8 20. a4 Nf5
21. Rxd5 Ne7 22. Rd7 Re8 23. Re1 f5 24. Rexe7 Rxe7 25. Rxe7 h5 26. Bd7+ Kd8 27. Re8+ Kc7 28. Rxb8 Kxb8 29. Bxf5 Kc7 30. d5 Kd6
31. c4 Ke5 32. Be4
1-0

[Event "Gourmets of the King's Gambit "]
[Site "SchemingMind.com"]
[Date "2008.06.13"]
[Round "-"]
[White "Rotceh"]
[Black "Clive Everill"]
[Result "0-1"]
[WhiteCountry "MEX"]
[BlackCountry "CZE"]
[WhiteElo "1509"]
[WhiteRD "74"]
[BlackElo "1729"]
[BlackRD "48"]
[GameID "159176"]

1. e4 e5 2. f4 exf4 3. Nf3 d6 4. d4 g5 5. h4 g4 6. Ng1 Bh6 7. Nc3 Qe7 8. Qd3 Nc6 9. Bd2 Bd7 10. O-O-O O-O-O
11. Nd5 Qf8
0-1

[Event "Gourmets of the King's Gambit "]
[Site "SchemingMind.com"]
[Date "2008.06.13"]
[Round "-"]
[White "Rotceh"]
[Black "matizccc"]
[Result "1/2-1/2"]
[WhiteCountry "MEX"]
[BlackCountry "ROU"]
[WhiteElo "1569"]
[WhiteRD "66"]
[BlackElo "1656"]
[BlackRD "66"]
[GameID "159177"]

1. e4 e5 2. f4 Nc6 3. Nc3 Bb4 4. Nf3 exf4 5. a3 Bxc3 6. dxc3 Nge7 7. Bxf4 O-O 8. Bd3 d5 9. O-O Ng6 10. Bg3 Bg4
11. exd5 Nce7 12. Be4 f5 13. d6 cxd6 14. Bd5+ Nxd5 15. Qxd5+ Kh8 16. Qxd6 Bxf3 17. Qxd8 Raxd8 18. Rxf3 f4 19. Be1 Ne5 20. Rf1 f3
21. gxf3 Nxf3+ 22. Kh1 Ng5 23. Bh4 h6 24. Bxg5 Rxf1+ 25. Rxf1 hxg5 26. Rf5 Rd2 27. Rxg5 Rxc2 28. Rg2 Rc1+ 29. Rg1 Rc2 30. Rb1 g5
31. a4 Kg7 32. a5 Kg6 33. Rg1 Rxb2 34. h4 Rb5 35. hxg5 Rxg5 36. Rb1 Rxa5 37. Rxb7 Kf6 38. Kg2 Rc5 39. Rxa7=
1/2-1/2

[Event "Gourmets of the King's Gambit "]
[Site "SchemingMind.com"]
[Date "2008.06.13"]
[Round "-"]
[White "Rotceh"]
[Black "lemmie"]
[Result "0-1"]
[WhiteCountry "MEX"]
[BlackCountry "NED"]
[WhiteElo "1509"]
[WhiteRD "74"]
[BlackElo "1745"]
[BlackRD "51"]
[GameID "159178"]

1. e4 e5 2. f4 exf4 3. Nf3 g5 4. h4 g4 5. Ne5 Nc6 6. Nxg4 Be7 7. h5 d5 8. exd5 Qxd5 9. Nc3 Qe6+ 10. Qe2 Qxg4
0-1

[Event "Gourmets of the King's Gambit "]
[Site "SchemingMind.com"]
[Date "2008.06.17"]
[Round "-"]
[White "Rotceh"]
[Black "vinz"]
[Result "0-1"]
[WhiteCountry "MEX"]
[BlackCountry "FRA"]
[WhiteElo "1569"]
[WhiteRD "66"]
[BlackElo "1697"]
[BlackRD "92"]
[GameID "159180"]

1. e4 e5 2. f4 exf4 3. Nf3 d5 4. exd5 Nf6 5. Bb5+ c6 6. dxc6 Nxc6 7. Qe2+ Be6 8. Ng5 Ng4 9. Nxe6 Qh4+ 10. g3 fxg3
11. Nxg7+ Kd7 12. Qd3+ Bd6 13. Qf5+ Kc7 14. Ke2 Nd4+
0-1

[Event "Gourmets of the King's Gambit "]
[Site "SchemingMind.com"]
[Date "2008.06.12"]
[Round "-"]
[White "Raimondi"]
[Black "Rotceh"]
[Result "1-0"]
[WhiteCountry "PER"]
[BlackCountry "MEX"]
[WhiteElo "1706"]
[WhiteRD "64"]
[BlackElo "1569"]
[BlackRD "66"]
[GameID "159181"]

1. e4 e5 2. f4 Bc5 3. Nf3 d6 4. c3 Bg4 5. h3 Bxf3 6. Qxf3 Nf6 7. Bc4 O-O 8. d3 Nc6 9. Be3 Bxe3 10. Qxe3 a6
11. O-O Na5 12. Nd2 b5 13. Bb3 c5 14. Bc2 Nc6 15. fxe5 Nxe5 16. d4 Ng6 17. Nf3 Re8 18. Rae1 Nd5 19. Qf2 Nf6 20. Nh4 Nxh4
21. Qxh4 cxd4 22. cxd4 g6 23. Qxf6 Qxf6 24. Rxf6 Re7 25. Rxd6 Ree8 26. e5 Red8 27. Rxd8+ Rxd8 28. Rd1
1-0

[Event "Gourmets of the King's Gambit "]
[Site "SchemingMind.com"]
[Date "2008.06.14"]
[Round "-"]
[White "Geoffrey Rosser"]
[Black "Rotceh"]
[Result "1-0"]
[WhiteCountry "ENG"]
[BlackCountry "MEX"]
[WhiteElo "1798"]
[WhiteRD "71"]
[BlackElo "1509"]
[BlackRD "74"]
[GameID "159182"]

1. e4 e5 2. f4 Bc5 3. Nf3 d6 4. c3 Bg4 5. d4 exd4 6. b4 Bb6 7. Qa4+ Bd7 8. Qb3 Nf6 9. Bc4 O-O 10. Ng5 Qe7
11. O-O dxc3+ 12. Kh1 Nxe4 13. Nxe4 Qxe4 14. Nxc3 Qf5 15. Nd5 Nc6 16. Bb2 Ne7 17. Nxe7+
1-0

[Event "Gourmets of the King's Gambit "]
[Site "SchemingMind.com"]
[Date "2008.06.14"]
[Round "-"]
[White "saxondom"]
[Black "Rotceh"]
[Result "0-1"]
[WhiteCountry "HUN"]
[BlackCountry "MEX"]
[WhiteElo "1337"]
[WhiteRD "86"]
[BlackElo "1598"]
[BlackRD "67"]
[GameID "159183"]

1. e4 e5 2. f4 Bc5 3. Nf3 d6 4. Bb5+ Bd7 5. Nc3 Nc6 6. d3 Nf6 7. Qe2 a6 8. Bxc6 bxc6 9. fxe5 dxe5 10. Nxe5 O-O
11. Be3 Bb6 12. O-O-O Qe7 13. Bg5 Qxe5 14. h4 Bg4 15. Bf4 Qxf4+ 16. Qd2 Qxd2+ 17. Rxd2 Be3 18. a3 Bxd2+ 19. Kxd2 Nh5 20. Na4 f5
21. Nc5 fxe4 22. dxe4 Rf2+ 23. Ke3 Re2+ 24. Kd3 Rd8+ 25. Kc3 Re3+ 26. Nd3 Nf4 27. Kc4 Be6+ 28. Kc3 Nxd3 29. Kd2 Nf2+ 30. Kxe3 Nxh1
31. b3 Ng3 32. c4 Kf7 33. Kf4 Rd3
0-1

[Event "Gourmets of the King's Gambit "]
[Site "SchemingMind.com"]
[Date "2008.06.12"]
[Round "-"]
[White "matizccc"]
[Black "Rotceh"]
[Result "0-1"]
[WhiteCountry "ROU"]
[BlackCountry "MEX"]
[WhiteElo "1656"]
[WhiteRD "66"]
[BlackElo "1569"]
[BlackRD "66"]
[GameID "159185"]

1. e4 e5 2. f4 Bc5 3. Nf3 d6 4. fxe5 dxe5 5. Nxe5 Qh4+ 6. g3 Qxe4+ 7. Qe2 Qxh1 8. Ng6+ Ne7 9. Nxh8 Bh3 10. d3 Bxf1
11. Qxf1 Qxf1+ 12. Kxf1 Kf8 13. Nc3 Kg8 14. Ne4 Nd7 15. Nxf7 Kxf7 16. Ng5+ Kg8 17. Bf4 c6 18. Ne6 Nd5 19. Bd2 Be7 20. c4 N5f6
21. Bc3 Nc5 22. Nxc5 Bxc5 23. Bxf6 Rf8 24. Kg2 Rxf6 25. Rd1 Rf2+ 26. Kh3 Rxb2 27. d4 Bd6 28. c5 Bc7 29. d5 cxd5 30. Rxd5 Rb5
31. a4 Ra5 32. Re5 Bxe5
0-1

[Event "Gourmets of the King's Gambit "]
[Site "SchemingMind.com"]
[Date "2008.06.12"]
[Round "-"]
[White "lemmie"]
[Black "Rotceh"]
[Result "1-0"]
[WhiteCountry "NED"]
[BlackCountry "MEX"]
[WhiteElo "1744"]
[WhiteRD "47"]
[BlackElo "1569"]
[BlackRD "66"]
[GameID "159186"]

1. e4 e5 2. f4 Bc5 3. Nf3 d6 4. Bc4 Nc6 5. c3 Nf6 6. d4 exd4 7. cxd4 Bb6 8. e5 dxe5 9. fxe5 Nd5 10. Bg5 Nde7
11. Bxe7 Qxe7 12. O-O O-O 13. Nc3 Be6 14. Qb3 Nxd4 15. Nxd4 Bxd4+ 16. Kh1 Bxc4 17. Qxc4 Qxe5 18. Rae1 Qc5 19. Qb3 Bxc3 20. bxc3 b6
21. Re2 Qc6 22. Ref2 Qe6 23. Qc2 Rae8 24. h3 b5 25. Rf4 Qd7 26. Rh4 h6 27. Rd1 Qc8 28. Rdd4 c5 29. Rdg4 Qc7 30. Qb1 Re3
31. Rxh6 g6 32. Rhxg6+
1-0

[Event "Gourmets of the King's Gambit "]
[Site "SchemingMind.com"]
[Date "2008.06.17"]
[Round "-"]
[White "vinz"]
[Black "Rotceh"]
[Result "0-1"]
[WhiteCountry "FRA"]
[BlackCountry "MEX"]
[WhiteElo "1697"]
[WhiteRD "92"]
[BlackElo "1569"]
[BlackRD "66"]
[GameID "159188"]

1. e4 e5 2. f4 Bc5 3. Nf3 d6 4. Bc4 Nf6 5. Nc3 Nc6 6. Ng5 O-O 7. d3 Nd4 8. Nd5 Ne6 9. Nxf6+ Qxf6 10. Bxe6 Bxe6
11. Qh5 Qg6 12. Qxg6 hxg6 13. h3 Bd7 14. g4 f5 15. c3 fxg4 16. Kf1 gxh3 17. Nxh3 Bxh3+ 18. Rxh3 exf4 19. Kg2 Rf6 20. b4 Bb6
21. Rf3 g5 22. Kh3 Kf7 23. Kg4 Rh8 24. Rh3 Rxh3 25. Kxh3 Rh6+ 26. Kg2 Ke6 27. Bb2 g4 28. Rf1 g5 29. Bc1 Rh3 30. d4 Rxc3
31. d5+ Kd7 32. Rh1 Rc2+
0-1

[Event "Gourmets of the King's Gambit "]
[Site "SchemingMind.com"]
[Date "2008.06.15"]
[Round "-"]
[White "Schaakmaatje"]
[Black "Raimondi"]
[Result "0-1"]
[WhiteCountry "NED"]
[BlackCountry "PER"]
[WhiteElo "1802"]
[WhiteRD "48"]
[BlackElo "1706"]
[BlackRD "64"]
[GameID "159458"]

1. e4 e5 2. f4 exf4 3. Nf3 d6 4. d4 g5 5. Bc4 h6 6. O-O Bg7 7. c3 Nc6 8. Qb3 Qe7 9. Na3 a6 10. Bd3 Nf6
11. Bd2 Nd7 12. Rae1 Nb6 13. h3 Bd7 14. Qc2 O-O-O 15. b4 Na7 16. c4 Na8 17. e5 g4 18. hxg4 Bxg4 19. Bxf4 dxe5 20. Bxe5 Bxe5
21. Nxe5 Qxb4 22. Nxg4 Qxa3 23. Rxf7 Qd6 24. Bf5+ Kb8 25. d5 Nc8 26. Ne5 Qc5+ 27. Kh1 Nab6 28. Rb1 Nd6 29. Bd3 Nxf7 30. Nxf7 Rdf8
31. Nxh8 Rxh8 32. Qc3 Rg8 33. Bh7 Rf8 34. Qg7 Nxc4 35. Qxh6 Rd8 36. Qxa6 Nb6 37. Qe2 Qxd5 38. Be4 Qd4 39. g3 Re8 40. Re1 Na4
41. Qf3 Nc5 42. Re3 Rxe4 43. Qf8+ Ka7 44. Ra3+ Na6 45. Rf3 Re1+ 46. Kh2 Re2+ 47. Kh3 Rxa2 48. Qe8 Nc5 49. Rf8 Qd7+
0-1

[Event "Gourmets of the King's Gambit "]
[Site "SchemingMind.com"]
[Date "2008.06.15"]
[Round "-"]
[White "Schaakmaatje"]
[Black "Geoffrey Rosser"]
[Result "1-0"]
[WhiteCountry "NED"]
[BlackCountry "ENG"]
[WhiteElo "1802"]
[WhiteRD "48"]
[BlackElo "1799"]
[BlackRD "73"]
[GameID "159459"]

1. e4 e5 2. f4 exf4 3. Nf3 h6 4. Bc4 Nf6 5. O-O d5 6. exd5 Nxd5 7. Nc3 Be6 8. Re1 Be7 9. Nxd5 Bxd5 10. Bxd5 Qxd5
11. Qe2 Nc6 12. d4 g5 13. c4 Qd7 14. d5 O-O-O 15. dxc6 Bc5+ 16. Kh1 Qxc6 17. Qc2 Bb4 18. Bd2 g4 19. Qf5+ Qd7 20. Qxd7+ Rxd7
21. Bxb4 gxf3 22. gxf3 Rg8 23. Re7 Rd3 24. Rf1 Rd4 25. b3 b6 26. Rxf7 a5 27. Bc3 Rd3 28. Be5 Rd2 29. Rxc7+ Kd8 30. Bxf4 Rxa2
31. Rd1+ Ke8 32. Rc8+ Kf7 33. Rd7+ Ke6 34. Rd6+ Kf7 35. Rc7+ Ke8 36. Rc8+ Kf7 37. Rxg8 Kxg8 38. Bxh6 Rb2 39. Rxb6 a4 40. Rb7 a3
41. Bg7 Rf2 42. Ra7 a2 43. Bd4 Rxf3 44. Rxa2 Rxb3 45. Rc2 Kf7 46. c5
1-0

[Event "Gourmets of the King's Gambit "]
[Site "SchemingMind.com"]
[Date "2008.06.19"]
[Round "-"]
[White "Schaakmaatje"]
[Black "Rotceh"]
[Result "0-1"]
[WhiteCountry "NED"]
[BlackCountry "MEX"]
[WhiteElo "1802"]
[WhiteRD "48"]
[BlackElo "1569"]
[BlackRD "66"]
[GameID "159460"]

1. e4 e5 2. f4 Bc5 3. Nf3 d6 4. Bc4 Nc6 5. d3 Bg4 6. c3 Nf6 7. b4 Bb6 8. Na3 a6 9. Nc2 d5 10. exd5 Nxd5
11. Bxd5 Qxd5 12. c4 Qd7 13. Qe2 O-O-O 14. Nxe5 Nxe5 15. Qxe5 Rhe8
0-1

[Event "Gourmets of the King's Gambit "]
[Site "SchemingMind.com"]
[Date "2008.06.15"]
[Round "-"]
[White "Schaakmaatje"]
[Black "saxondom"]
[Result "1-0"]
[WhiteCountry "NED"]
[BlackCountry "HUN"]
[WhiteElo "1802"]
[WhiteRD "48"]
[BlackElo "1354"]
[BlackRD "83"]
[GameID "159461"]

1. e4 e5 2. f4 exf4 3. Nf3 d5 4. exd5 Qxd5 5. Nc3 Qe6+ 6. Qe2 Qxe2+ 7. Bxe2 Ne7 8. d4 Ng6 9. Nd5 Kd8 10. Nxf4 Bb4+
11. c3 Bd6 12. Nh5 Bf5 13. Nxg7 Nc6 14. Nxf5 Nge7 15. Nxd6 cxd6 16. Bf4 Nf5 17. O-O-O Re8 18. Rhe1 Kc7 19. Bd3 Nfe7 20. Bxh7 f5
21. Re6 Kd7 22. Rxd6+ Kc8 23. Ne5 Rd8 24. Nxc6 Nxc6 25. Bxf5+ Kc7 26. Rxd8+ Kxd8 27. Re1 Ne7 28. Bg5 b5 29. Rxe7 a5 30. Ra7+
1-0

[Event "Gourmets of the King's Gambit "]
[Site "SchemingMind.com"]
[Date "2008.06.15"]
[Round "-"]
[White "Schaakmaatje"]
[Black "Clive Everill"]
[Result "1-0"]
[WhiteCountry "NED"]
[BlackCountry "CZE"]
[WhiteElo "1768"]
[WhiteRD "47"]
[BlackElo "1729"]
[BlackRD "48"]
[GameID "159462"]

1. e4 e5 2. f4 exf4 3. Nf3 d6 4. Bc4 h6 5. d4 g5 6. O-O Bg7 7. Nc3 Nc6 8. Nd5 Be6 9. c3 Qd7 10. Bb3 Nge7
11. Nxe7 Qxe7 12. d5 Ne5 13. dxe6 fxe6 14. Nd4 d5 15. exd5 O-O-O 16. Nxe6 Rd6 17. Qe2 f3 18. gxf3 c6 19. c4 Bf6 20. Be3 Kb8
21. Bc5 Nd7 22. Bxd6+ Qxd6 23. Rac1 Be5 24. c5 Qe7 25. dxc6 bxc6 26. Rc4 Qf6 27. Rb4+ Ka8 28. Qa6 Bd4+ 29. Kh1 Nb6 30. cxb6 Bxb6
31. Rxb6 Qe7 32. Ba4
1-0

[Event "Gourmets of the King's Gambit "]
[Site "SchemingMind.com"]
[Date "2008.06.15"]
[Round "-"]
[White "Schaakmaatje"]
[Black "matizccc"]
[Result "1-0"]
[WhiteCountry "NED"]
[BlackCountry "ROU"]
[WhiteElo "1851"]
[WhiteRD "48"]
[BlackElo "1658"]
[BlackRD "71"]
[GameID "159463"]

1. e4 e5 2. f4 exf4 3. Nf3 Nf6 4. Nc3 Be7 5. d4 O-O 6. Bxf4 Bb4 7. Bd3 Bxc3+ 8. bxc3 Nh5 9. Be3 d5 10. e5 g6
11. Qd2 Nc6 12. O-O Be6 13. Rab1 f6 14. exf6 Nxf6 15. Bh6 Rf7 16. Ng5 Qe7 17. Nxf7 Bxf7 18. Bg5 Ne4 19. Bxe4 Qxe4 20. Rbe1 Qg4
21. Bf6 g5 22. Qxg5+ Qxg5 23. Bxg5 Bg6 24. Re2 Kg7 25. Rb1 b6 26. Bf4 Rc8 27. Re6 Na5 28. Re7+ Kf8 29. Rxc7 Rxc7 30. Bxc7 Bxc2
31. Rf1+ Ke8 32. Rf2 Bd3 33. h4 Kd7 34. Be5 Nc4 35. Bg7 a6 36. g4 Ke6 37. Rf6+ Ke7 38. g5 a5 39. Bf8+ Ke8 40. Kf2 a4
41. a3 Bg6 42. Bb4 Kd7 43. Kf3 Be4+ 44. Kf4 Bg6 45. Rf8 Kc6 46. Rh8 Bc2 47. h5 Kd7 48. Rg8 Kc6 49. g6 hxg6 50. hxg6 Bxg6
51. Rxg6+ Kd7 52. Kf5 Kc7 53. Ke6 Kc6 54. Ke7+ Kb5 55. Rd6 Nxd6 56. Kxd6 Kc4 57. Kc6 b5 58. Kd6
1-0

[Event "Gourmets of the King's Gambit "]
[Site "SchemingMind.com"]
[Date "2008.06.15"]
[Round "-"]
[White "Schaakmaatje"]
[Black "Francisco Aquino"]
[Result "0-1"]
[WhiteCountry "NED"]
[BlackCountry "BRA"]
[WhiteElo "1802"]
[WhiteRD "48"]
[BlackElo "1693"]
[BlackRD "72"]
[GameID "159465"]

1. e4 e5 2. f4 Nc6 3. Nf3 exf4 4. d4 Nf6 5. Bd3 Be7 6. Bxf4 O-O 7. O-O d5 8. e5 Nd7 9. c3 Nb6 10. Qc2 g6
11. Nbd2 Bg4 12. Rae1 Re8 13. a4 Na5 14. b3 c5 15. dxc5 Bxc5+ 16. Kh1 Nc6 17. b4 Bf8 18. Bg5 Qd7 19. b5 Nd8 20. Nd4 Ne6
21. N2f3 Rac8 22. Qd2 Nxa4 23. Rc1 Nxg5 24. Qxg5 Bxf3 25. Rxf3 Nxc3 26. Rcf1 Ne4 27. Qf4 Bc5 28. Nb3 Nf2+ 29. R3xf2 Bxf2 30. Qxf2 b6
31. Nd4 Rxe5 32. Nc6 Ree8 33. Qh4 a6 34. Qf4 axb5 35. Ne5 Qc7 36. Qxf7+ Qxf7 37. Nxf7 Rf8 38. Nh6+ Kg7 39. Rxf8 Rxf8 40. Ng4 b4
41. Kg1 b3 42. h3 b2 43. Ne3 Ra8 44. Nxd5 Ra1+ 45. Kf2 b1=Q
0-1

[Event "Gourmets of the King's Gambit "]
[Site "SchemingMind.com"]
[Date "2008.06.19"]
[Round "-"]
[White "Schaakmaatje"]
[Black "vinz"]
[Result "1-0"]
[WhiteCountry "NED"]
[BlackCountry "FRA"]
[WhiteElo "1802"]
[WhiteRD "48"]
[BlackElo "1697"]
[BlackRD "92"]
[GameID "159466"]

1. e4 e5 2. f4 exf4 3. Nf3 d5 4. exd5 Nf6 5. Nc3 c6 6. d4 cxd5 7. Bxf4 Bb4 8. Bb5+ Nc6 9. Qe2+ Be6 10. O-O O-O
11. a3 Ba5 12. b4 Bb6 13. Rad1 Bg4 14. Bxc6 bxc6 15. Na4 Re8 16. Qd3 Bxf3 17. Rxf3 Bc7 18. Bg5 Bxh2+ 19. Kh1 Qd6 20. Bxf6 gxf6
21. g3 Kh8 22. Kxh2 Re4 23. Nc5 Rh4+ 24. Kg2 Rg8 25. Rh1 Rxh1 26. Kxh1 Rg5 27. Kg2 h5 28. Rf5 Kg7 29. Qf3 Kg6 30. Rf4 Qe7
31. Nd3 Qe6 32. Nf2 Rf5 33. Rxf5 Qxf5 34. Qxf5+ Kxf5 35. Kf3
1-0

[Event "Gourmets of the King's Gambit "]
[Site "SchemingMind.com"]
[Date "2008.06.15"]
[Round "-"]
[White "Raimondi"]
[Black "Schaakmaatje"]
[Result "0-1"]
[WhiteCountry "PER"]
[BlackCountry "NED"]
[WhiteElo "1706"]
[WhiteRD "64"]
[BlackElo "1802"]
[BlackRD "48"]
[GameID "159467"]

1. e4 e5 2. f4 exf4 3. Nf3 Be7 4. Nc3 d6 5. d4 Bh4+ 6. Ke2 Bg4 7. Bxf4 Ne7 8. Kd2 Ng6 9. Be3 O-O 10. Bc4 Nc6
11. h3 Bd7 12. Nxh4 Qxh4 13. Qf3 Rae8 14. g3 Qd8 15. h4 Na5 16. Bd3 c5 17. h5 cxd4 18. Bxd4 Ne5 19. Bxe5 dxe5 20. Raf1 Qg5+
21. Qe3 Qxe3+ 22. Kxe3 a6 23. Rh4 Be6 24. g4 Nc4+ 25. Bxc4 Bxc4 26. Rf2 Re6 27. a3 Rd6 28. Rd2 Rfd8 29. Rxd6 Rxd6 30. Rh2 f6
31. Rg2 Kf7 32. Rd2 Ke6 33. Ne2 Rxd2 34. Kxd2 Kd6 35. b3 Be6 36. c4 Bxg4 37. Ng3 h6 38. Kc3 a5 39. b4 Kc6 40. Kd3 b6
41. Kc3 Be6 42. Kd3 Bf7 43. Ke3 Kd6 44. Kf3 g6 45. hxg6 Bxg6 46. Kg4 Ke6 47. c5 bxc5 48. bxc5 Kd7 49. Nh5 Bxh5+ 50. Kxh5 Kc6
0-1

[Event "Gourmets of the King's Gambit "]
[Site "SchemingMind.com"]
[Date "2008.06.15"]
[Round "-"]
[White "Geoffrey Rosser"]
[Black "Schaakmaatje"]
[Result "0-1"]
[WhiteCountry "ENG"]
[BlackCountry "NED"]
[WhiteElo "1798"]
[WhiteRD "71"]
[BlackElo "1768"]
[BlackRD "47"]
[GameID "159468"]

1. e4 e5 2. f4 exf4 3. Bc4 Nf6 4. Nc3 Bc5 5. d4 Bb6 6. Bxf4 d6 7. Nf3 Bg4 8. Qd3 Nc6 9. O-O-O Bxf3 10. gxf3 Nxd4
11. Nd5 Nxd5 12. Bxd5 c6 13. Bc4 Qf6 14. Be3 Nxf3 15. Bxb6 axb6 16. Rhf1 Ne5 17. Qb3 Qh6+ 18. Kb1 O-O 19. Rf2 b5 20. Be2 Ra4
21. Qc3 Rxe4 22. Qg3 d5 23. Rdf1 Qh4 24. Qa3 b4 25. Qa7 Nc4 26. Bxc4 dxc4 27. Qxb7 Qxf2
0-1

[Event "Gourmets of the King's Gambit "]
[Site "SchemingMind.com"]
[Date "2008.06.18"]
[Round "-"]
[White "Rotceh"]
[Black "Schaakmaatje"]
[Result "0-1"]
[WhiteCountry "MEX"]
[BlackCountry "NED"]
[WhiteElo "1569"]
[WhiteRD "66"]
[BlackElo "1802"]
[BlackRD "48"]
[GameID "159469"]

1. e4 e5 2. f4 exf4 3. Nf3 Be7 4. Bc4 Nf6 5. e5 Ne4 6. Qe2 Ng5 7. O-O O-O 8. d4 d5 9. Bd3 Bg4 10. Bxf4 Nc6
11. c3 Bxf3 12. gxf3 Nh3+ 13. Kh1 Nxf4
0-1

[Event "Gourmets of the King's Gambit "]
[Site "SchemingMind.com"]
[Date "2008.06.15"]
[Round "-"]
[White "saxondom"]
[Black "Schaakmaatje"]
[Result "0-1"]
[WhiteCountry "HUN"]
[BlackCountry "NED"]
[WhiteElo "1354"]
[WhiteRD "83"]
[BlackElo "1802"]
[BlackRD "48"]
[GameID "159470"]

1. e4 e5 2. f4 d5 3. exd5 exf4 4. Nf3 Bc5 5. Bc4 Bg4 6. d4 Bd6 7. Qe2+ Ne7 8. O-O O-O 9. Nc3 Re8 10. Qe4 Nd7
11. Bd3 Bf5 12. Qe2 Nxd5 13. Qd2 Bxd3 14. Qxd3 c6 15. Bd2 Ne3 16. Bxe3 Rxe3 17. Qd2 Qc7 18. g3 Rae8 19. Rfe1 Nf6 20. Rxe3 fxe3
21. Qd3 Bxg3 22. Ne2 Bf2+ 23. Kf1 Ne4 24. Nc3 Qf4 25. Rd1 Qxf3 26. b4 Nxc3 27. Rc1 Qh1#
0-1

[Event "Gourmets of the King's Gambit "]
[Site "SchemingMind.com"]
[Date "2008.06.15"]
[Round "-"]
[White "Clive Everill"]
[Black "Schaakmaatje"]
[Result "0-1"]
[WhiteCountry "CZE"]
[BlackCountry "NED"]
[WhiteElo "1729"]
[WhiteRD "48"]
[BlackElo "1768"]
[BlackRD "47"]
[GameID "159471"]

1. e4 e5 2. f4 exf4 3. Nf3 Be7 4. d4 d5 5. e5 Bh4+ 6. Ke2 Bg4 7. h3 Bxf3+ 8. gxf3 Bg3 9. Bd2 c6 10. Be1 Qh4
11. Bxg3 fxg3 12. Bg2 Qf4 13. Nd2 h5 14. Nb3 h4 15. c3 Ne7 16. Qd2 Ng6 17. Qxf4 Nxf4+ 18. Kf1 b6 19. a4 Nd7 20. Kg1 O-O
21. Bf1 f6 22. Re1 Rfe8 23. Ba6 Rab8 24. Nc1 fxe5 25. dxe5 Nxe5 26. Be2 Nxf3+ 27. Kf1 Re3 28. c4 g2+
0-1

[Event "Gourmets of the King's Gambit "]
[Site "SchemingMind.com"]
[Date "2008.06.15"]
[Round "-"]
[White "lemmie"]
[Black "Schaakmaatje"]
[Result "0-1"]
[WhiteCountry "NED"]
[BlackCountry "NED"]
[WhiteElo "1745"]
[WhiteRD "51"]
[BlackElo "1768"]
[BlackRD "47"]
[GameID "159473"]

1. e4 e5 2. f4 exf4 3. Nf3 h6 4. d4 g5 5. Bc4 Nf6 6. O-O d5 7. Bxd5 Nxd5 8. exd5 Qxd5 9. Nc3 Qd8 10. Re1+ Be7
11. a3 Bg4 12. h3 Bh5 13. Qd3 O-O 14. Ne5 Bf6 15. Ne4 Bg6 16. Nxf6+ Qxf6 17. Nxg6 Qxg6 18. Qxg6+ fxg6 19. Re6 Kf7 20. d5 Nd7
21. c4 Rfe8 22. Rxe8 Rxe8 23. Bd2 Ne5 24. b3 Nd3 25. Kf1 Kf6 26. Bc3+ Kf5 27. Rd1 Re3 28. Bd4 Ke4 29. Bxe3 fxe3 30. Ke2 Nf4+
31. Ke1 Nxg2+ 32. Kf1 Nf4 33. Re1 Kf3 34. b4 Nxh3 35. Rb1 Nf4 36. Rb3 g4 37. a4 g3
0-1

[Event "Gourmets of the King's Gambit "]
[Site "SchemingMind.com"]
[Date "2008.06.15"]
[Round "-"]
[White "Francisco Aquino"]
[Black "Schaakmaatje"]
[Result "0-1"]
[WhiteCountry "BRA"]
[BlackCountry "NED"]
[WhiteElo "1693"]
[WhiteRD "72"]
[BlackElo "1802"]
[BlackRD "48"]
[GameID "159474"]

1. e4 e5 2. f4 exf4 3. Nf3 Be7 4. Bc4 Nf6 5. d3 d5 6. exd5 Nxd5 7. O-O O-O 8. Bxd5 Qxd5 9. Bxf4 Qb5 10. Bxc7 Qc5+
11. Kh1 Qxc7 12. Re1 Bg4 13. Nbd2 Nc6 14. Nb3 Bd6 15. h3 Bh5 16. Nbd2 Bg3 17. Re3 f6 18. c3 Rad8 19. d4 Rfe8 20. Rxe8+ Rxe8
21. Qb3+ Bf7 22. Qc2 Nb4 23. Qa4 Nd3 24. Qc2 Nf2+ 25. Kg1 Bg6 26. Qb3+= Kf8 27. Qa3+ Kg8 28. Qxa7 Nd3 29. Qa3 Qf4 30. Qb3+ Kh8
31. Qxb7 Qe3+ 32. Kh1 Nf2+ 33. Kg1 Ne4+ 34. Kh1 Nxd2 35. Nxd2 Qxd2
0-1

[Event "Gourmets of the King's Gambit "]
[Site "SchemingMind.com"]
[Date "2008.06.16"]
[Round "-"]
[White "vinz"]
[Black "Schaakmaatje"]
[Result "0-1"]
[WhiteCountry "FRA"]
[BlackCountry "NED"]
[WhiteElo "1746"]
[WhiteRD "97"]
[BlackElo "1768"]
[BlackRD "47"]
[GameID "159475"]

1. e4 e5 2. f4 exf4 3. Nf3 Be7 4. h4 Nf6 5. Nc3 d5 6. d3 dxe4 7. Bxf4 exf3 8. Qxf3 Nc6 9. Be2 Bg4 10. Qg3 Bxe2
11. Qxg7 Rg8
0-1